2019 All Blacks Rugby World Cup Squad - Statistics

General Stats
  • This quiz has been taken 118 times
    109 since last reset
  • The average score is 21 of 32
Answer Stats
Hint Answer % Correct
Back Beauden Barrett
99%
Back Jordie Barrett
99%
Forward Scott Barrett
99%
Back Aaron Smith
97%
Forward Sam Whitelock
97%
Forward Ardie Savea
91%
Back Ben Smith
91%
Forward Kieran Read
91%
Forward Brodie Retallick
88%
Forward Codie Taylor
88%
Back TJ Perenara
88%
Forward Dane Coles
87%
Forward Sam Cane
87%
Back Richie Mo'unga
85%
Forward Joe Moody
72%
Back George Bridge
69%
Back Jack Goodhue
66%
Back Anton Lienert-Brown
65%
Back Sevu Reece
65%
Back Rieko Ioane
63%
Forward Nepo Laulala
62%
Back Sonny Bill Williams
60%
Back Brad Weber
53%
Back Ryan Crotty
53%
Forward Matt Todd
35%
Forward Ofa Tu'ungafasi
31%
Forward Liam Coltman
29%
Forward Shannon Frizell
29%
Forward Angus Ta'avao
26%
Forward Patrick Tuipulotu
26%
Forward Luke Jacobson
25%
Forward Atu Moli
16%
No matching quizzes found
Score Distribution
Percent of People with Each Score
Percentile by Number Answered
Your Score History
You have not taken this quiz since the last reset